00640cam a22001932 4500001001100000005001700011008004100028020002800069040001500097050002400112100003500136245008900171250001200260260005200272300001700324650003700341700003400378700003400412000000029620151021151044.0070122s xx 000 0 eng d a0131273884 :cKES 4,150 aKABUcKABU 0aQA76.9b.D3H64 20051 aHoffer, Jeffrey A.@000014841210aModern database management /cJeffrey A. Hoffer, Mary B. Prescott, Fred R. McFadden. a7th ed. aUpper Saddle River, NJ :bPearson Educ.,c2005. axxxv, 700 p. 0aDatabase management.@00001481841 aPrescott, Mary B.@00001484131 aMcFadden, Fred R.@0000148414